00406nam a2200145Ia 4500008004100000020001500041041001200056082001600068100001500084245009300099260002500192300000800217650001800225700001700243221030s9999 xx 000 0 und d a8120310535 aEnglish a105.23bCom aM. L. Blum 0aIndustrial Psychology : Its Theoretical & Social Foundationcby M. L. Blum, J. C. Naylor bPHIaNew Delhic2001 a613 aBE Management aJ. C. Naylor